000
00279nam a22001217a 4500
008
160521b xxu||||| |||| 00| 0 eng d
020
_a
9780757512506
020
_a
9780757512506
041
_a
eng
080
_a
579
245
_a
Bscs biology:
_c
A.Human Approach;
942
_2
udc
_c
BK
999
_c
2345
_d
2345